000
00255nam a22000977a 4500
999
_c
531490
_d
531490
082
_a
629.136
_b
SAX
100
_a
Saxena, S.C.
245
_a
Airport Engineering Planning & Design /
942
_2
ddc
_c
BK